UK Cabinet 2019 - Statistics

General Stats
  • This quiz has been taken 21 times
  • The average score is 15 of 29
Answer Stats
Position Name % Correct
Prime Minister Theresa May
100%
Chancellor of the Exchequer Philip Hammond
89%
Foreign Secretary Jeremy Hunt
78%
Health Secretary Matt Hancock
78%
Secretary of State for Environment, Food and Rural Affairs Michael Gove
78%
Home Secretary Sajid Javid
78%
Transport Secretary Chris Grayling
67%
Attorney General Geoffrey Cox
67%
Work and Pensions Secretary Amber Rudd
56%
Leader of the House of Commons Andrea Leadsom
56%
Lord Chancellor and Justice Secretary David Gauke
56%
Defence Secretary Gavin Williamson
56%
International Development Secretary and Women & Equalities Minister Penny Mordaunt
56%
Brexit Secretary Stephen Barclay
56%
Minister for Wales Alun Cairns
44%
Minister for the Cabinet Office David Lidington
44%
Chief Secretary To The Treasury Elizabeth Truss
44%
Chief Whip Julian Smith
44%
Minister for Northern Ireland Karen Bradley
44%
International Trade Secretary Liam Fox
44%
Education Secretary Damian Hinds
33%
Minister for Scotland David Mundell
33%
Business Secretary Greg Clark
33%
Culture, Media and Sport Secretary Jeremy Wright
33%
Leader of the House of Lords Baroness Evans of Bowes Park
22%
Minister without Portfolio Brandon Lewis
22%
Secretary of State for Housing, Communities and Local Government James Brokenshire
22%
Minister of State for Immigration Caroline Nokes
11%
Minister of State for Energy and Clean Growth Claire Perry
11%
No matching quizzes found
Score Distribution
Percent of People with Each Score
Percentile by Number Answered
Your Score History
You have not taken this quiz